|
|
|
|
| LEADER |
01542nam a2200421 i 4500 |
| 001 |
nkc20203215939 |
| 003 |
CZ PrNK |
| 005 |
20200604110016.0 |
| 007 |
ta |
| 008 |
200423s2017 xr ab e 000 0 cze |
| 020 |
|
|
|q (Složeno)
|
| 040 |
|
|
|a BOA001
|b cze
|e rda
|
| 043 |
|
|
|a e-xr---
|b e-xr-jc
|2 czenas
|
| 072 |
|
7 |
|a 913(437)
|x Geografie Česka a Slovenska, reálie, cestování
|2 Konspekt
|9 7
|
| 080 |
|
|
|a 913:338.483.1
|2 MRF
|
| 080 |
|
|
|a 726.5
|2 MRF
|
| 080 |
|
|
|a (437.319)
|2 MRF
|
| 080 |
|
|
|a (041)
|2 MRF
|
| 100 |
1 |
|
|a Kelbler, Martin
|4 aut
|
| 245 |
1 |
0 |
|a Poutní místa a sakrální stavby v Dačicích a okolí /
|c text: MěÚ Dačice, Martin Kelbler
|
| 264 |
|
1 |
|a Dačice :
|b město Dačice,
|c 2017
|
| 300 |
|
|
|a 12 nečíslovaných stran :
|b barevné ilustrace, 1 mapa ;
|c 21 x 10 cm
|
| 336 |
|
|
|a text
|b txt
|2 rdacontent
|
| 337 |
|
|
|a bez média
|b n
|2 rdamedia
|
| 338 |
|
|
|a svazek
|b nc
|2 rdacarrier
|
| 500 |
|
|
|a 5000 výtisků
|
| 650 |
0 |
7 |
|a turistické zajímavosti
|7 ph126800
|z Česko
|2 czenas
|
| 650 |
0 |
7 |
|a poutní místa
|7 ph115843
|z Česko
|2 czenas
|
| 650 |
0 |
7 |
|a církevní stavby
|7 ph119302
|z Česko
|2 czenas
|
| 651 |
|
7 |
|a Dačice (Česko)
|7 ge128992
|2 czenas
|
| 651 |
|
7 |
|a Dačice (Česko : oblast)
|7 ge128993
|2 czenas
|
| 655 |
|
7 |
|a brožury
|7 fd131925
|2 czenas
|
| 710 |
1 |
|
|a Dačice (Česko).
|b Městský úřad
|7 mzk2006357875
|4 aut
|
| 910 |
2 |
|
|a BOA001
|b Mp2-1446.445
|
| 990 |
|
|
|a BK
|
| 995 |
|
|
|a 61
|
| 991 |
|
|
|b 202006
|c NOV
|
| 996 |
6 |
|
|b 2610822625
|c Mp2-1446.445
|l MZK
|r Sklad / do 1 hodiny
|n 0
|p p.v.
|w 001799214
|u 000010
|a 1
|e BOA001
|j MZK50
|s P
|